MARC

LEADER 00000nam2a2200000 4500
001 312807
005 20231102002524.0
020 |a RU  |b 83-44384ж 
035 |a (RuTPU)RU\TPU\book\338177 
035 |a RU\TPU\book\315034 
090 |a 312807 
100 |a 20150406d1982 k y0rusy5003 ca 
101 0 |a rus 
102 |a RU 
105 |a a z 001zd 
200 0 |a Вып. 27 : Физика  |f гл. ред. Д. И. Гордеев 
210 |d 1982 
215 |d 27 см  |a 200 с.  |c ил. 
320 |a Библиография в конце статей 
461 1 |0 (RuTPU)RU\TPU\book\174595  |t История и методология естественных наук  |o сборник статей  |f Московский государственный университет им. М. В. Ломоносова (МГУ)  |v Вып. 27 : Физика  |d 1960-1992 
600 1 |a Лебедев  |g Петр Николаевич  |b П. Н.  |c российский физик  |f 1866-1912  |2 stltpush  |3 (RuTPU)RU\TPU\pers\769 
600 1 |a Спасский  |b Б. И.  |c советский историк физики  |c доктор физико-математических наук, профессор Московского университета  |f 1910-1990  |g Борис Иванович  |2 stltpush  |3 (RuTPU)RU\TPU\pers\44262 
606 1 |a Естествознание  |x История  |2 stltpush  |3 (RuTPU)RU\TPU\subj\38880  |9 59129 
606 1 |a Физическая наука  |x История  |2 stltpush  |3 (RuTPU)RU\TPU\subj\63824  |9 80761 
610 1 |a физика 
610 1 |a механика 
610 1 |a квантовая физика 
610 1 |a динамические теории 
610 1 |a генетический код 
610 1 |a пространство 
610 1 |a космология 
610 1 |a микроскопия 
610 1 |a сложные молекулы 
610 1 |a поляризация 
610 1 |a люминесценция 
675 |a 50  |z rus  |v 4 
675 |a 53(09)  |z rus  |v 4 
702 1 |a Гордеев  |b Д. И.  |g Демьян Игнатьевич  |4 651 
801 1 |a RU  |b 63413507  |c 20151228 
801 2 |a RU  |b 63413507  |c 20190731  |g RCR 
942 |c BK